000 004470000a22001810004500
003 MACL
005 20160102114853.0
008 160102b xxu||||| |||| 00| 0 eng d
040 _aMACL
_cMACL
041 _aEnglish
082 _a700/DON
100 _aDongerkery, Kamala S
_926815
245 _aA Journey Through Toyland
260 _bPopular Book Depot
_c1954
_aBombay
350 _a13.88
650 _aArts
_926816
942 _cBK
_k700/DON
_2ddc
999 _c35652
_d35652